| 000 | 00388nam a2200157Ia 4500 | ||
|---|---|---|---|
| 008 | 160316s1992 xxu||||| |||| 00| 0 eng d | ||
| 082 |
_a922.000000 _bTHO |
||
| 100 | _aThomas M A | ||
| 245 | _aA leap into the unknown : Autobiographical anecdotes | ||
| 250 | _a | ||
| 260 |
_aAllahabad _bOrient Law House _c1992 |
||
| 300 |
_a242p _b _c |
||
| 365 | _bRs.75/- | ||
| 650 | _a | ||
| 700 |
_a _a |
||
| 999 |
_c6576 _d6576 |
||